| 000 | 00537nam a2200217Ia 4500 | ||
|---|---|---|---|
| 003 | OSt | ||
| 005 | 20230622163032.0 | ||
| 008 | 210423s2014 xx 000 0 und d | ||
| 040 | _cAL | ||
| 041 | _aeng | ||
| 082 |
_a615.9 _223 _bOMKC |
||
| 100 |
_aOMKAR _9113932 |
||
| 245 | _aConcepts of toxicology | ||
| 260 |
_aJalandhar _bVishal Publishing Co _c2014 |
||
| 300 |
_a264 _bHB |
||
| 365 |
_b380 _cINR |
||
| 650 |
_aMedical Sciences _9113933 |
||
| 650 |
_aToxicology _9113934 |
||
| 906 | _aConcepts ; toxicology | ||
| 942 |
_2ddc _cBK |
||
| 999 |
_c167328 _d167328 |
||